000 00308nam a22001337a 4500
008 181105b xxu||||| |||| 00| 0 eng d
020 _a0393015130
041 _aeng
080 _a821
100 _a25
101 _aGJU
245 _aDictionary Of American Negro Biography
_cLogan.R.W
942 _2udc
_cBK
999 _c51820
_d51820